UBT Library

THE COSMOS OF SCIENCE (Record no. 58867)

000 -LEADER
fixed length control field 00316nam a22001457a 4500
008 - FIXED-LENGTH DATA ELEMENTS--GENERAL INFORMATION
fixed length control field 221111b ||||| |||| 00| 0 eng d
020 ## - INTERNATIONAL STANDARD BOOK NUMBER
International Standard Book Number 9780822956945
041 ## - LANGUAGE CODE
Language code of text/sound track or separate title eng
080 ## - UNIVERSAL DECIMAL CLASSIFICATION NUMBER
Universal Decimal Classification number 521
082 ## - DEWEY DECIMAL CLASSIFICATION NUMBER
Classification number 521 EAR
100 ## - Rafti
Rafti 19.1
101 ## - Shkurtesa
Shkurtesa ASTR
245 ## - TITLE STATEMENT
Title THE COSMOS OF SCIENCE
Statement of responsibility, etc EARMAN J
942 ## - ADDED ENTRY ELEMENTS (KOHA)
Source of classification or shelving scheme
Item type Books
Holdings
Withdrawn status Lost status Source of classification or shelving scheme Damaged status Not for loan Collection code Permanent location Current location Date acquired Total Checkouts Full call number Barcode Date last seen Price effective from Koha item type
          Koleksioni i përgjithshem UBT - Lipjan UBT - Lipjan 11/11/2022   521 EAR 002-800028700260624 11/11/2022 11/11/2022 Books
          Koleksioni i përgjithshem UBT - Lipjan UBT - Lipjan 09/12/2023   521 EAR 002-800070259 09/12/2023 09/12/2023 Books
UBT Library © 2015-2024. All rights reserved University Education for Business and Technology